University Home | Library Home | Institutional Repository

Victorian Poetry (Record no. 5886)

MARC details
000 -LEADER
fixed length control field 00722cas a2200157 4500
008 - FIXED-LENGTH DATA ELEMENTS--GENERAL INFORMATION
fixed length control field 170428n eng u
022 ## - INTERNATIONAL STANDARD SERIAL NUMBER
International Standard Serial Number 00425206
035 ## - SYSTEM CONTROL NUMBER
System control number (Sirsi) a202663
050 ## - LIBRARY OF CONGRESS CALL NUMBER
Classification number http://www.jstor.org/subject/britstud
245 ## - TITLE STATEMENT
Title Victorian Poetry
260 ## - PUBLICATION, DISTRIBUTION, ETC.
Place of publication, distribution, etc. JSTOR
310 ## - CURRENT PUBLICATION FREQUENCY
Current publication frequency Quarterly
362 ## - DATES OF PUBLICATION AND/OR SEQUENTIAL DESIGNATION
Dates of publication and/or sequential designation Vol. 1 , No. 1 , 1963 - Vol. 49 , No. 4 , 2011
520 ## - SUMMARY, ETC.
Summary, etc. Victorian Poetry examines the poetry of the Victorian Period (1830-1914) from a broad range of theoretical/critical angles, including but not confined to new historicism, feminism, and social/cultural issues, and focuses on poets of all classes and genders in Britain and the Commonwealth.
650 ## - SUBJECT ADDED ENTRY--TOPICAL TERM
Topical term or geographic name entry element British Studies
Holdings
Withdrawn status Lost status Source of classification or shelving scheme Damaged status Not for loan Home library Current library Shelving location Total Checkouts Full call number Barcode Date last seen Copy number Uniform Resource Identifier Price effective from Koha item type
          Main Library Main Library Serials   HTTP://WWW.JSTOR.ORG 5206111963 08/12/2019 1 http://www.jstor.org/subject/britstud 08/12/2019 Electronic Resource
          Main Library Main Library Serials   HTTP://WWW.JSTOR.ORG 52064942011 08/12/2019 2   08/12/2019 Electronic Resource
© 2026 - The University of Zambia Library - Koha v25.11